| 000 | 00378nam a2200157 4500 | ||
|---|---|---|---|
| 005 | 20250613115947.0 | ||
| 008 | 250613b |||||||| |||| 00| 0 eng d | ||
| 020 |
_a9780552550451 _qpbk |
||
| 041 | _aeng | ||
| 082 |
_a372.31 _bKIN |
||
| 100 | _a King-smith, Dick | ||
| 245 | _aThe adventourous snail | ||
| 260 |
_aUk _bYoung corgi _c2013 |
||
| 300 | _a112 | ||
| 942 | _cENGLISH | ||
| 999 |
_c572206 _d572206 |
||